000
00273nam a2200109 a 4500
005
20200930065846.0
008
110726s1936 000 spa d
100
_a
Hostos, Eugenio M. de,
_9
58627
245
0
_a
Essais.
260
_a
Paris, Francia,
_c
[1936].
999
_c
32317
_d
32317
040
_a
DO-SdBNP